02315cam a22003374i 4500003000900000005001700009008004100026020001500067020001700082035002000099040003300119082002100152100002700173245010000200264006700300300004200367336002100409337002500430338002300455504003900478504003300517505127500550526000901825526000901834526000801843526000801851526000801859526000801867650005901875650004301934PE-LiUPU20250731175627.0190319s2018 xxk0 rb 001 0 eng d a1683071794 a978168307179 a(Sirsi) a251981 aPE-LiUPUbspacPE-LiUPUerda04a492.415bK182231 aKalimi, Isaac,eautor.10aMetathesis in the Hebrew Bible :bwordplay as a literary and exegetical device /cIsaac Kalimi. 1aMassachusetts :bHendrickson Publishers Marketing, LLC,c2018. ax, 195 páginas ;c23 centímetros. atext2rdacontent aunmediated2rdamedia avolume2rdacarrier aBibliografía: páginas 165-174. aÍndice: páginas 175-195.0 aDefinition of the theme -- State of the research -- Purpose and importance -- Methods -- Outline of the study -- Linguistic-phonological metathesis -- Textual metathesis due to mistaken reading or writing -- Literary-stylistic metathesis names: Introduction to chapters four and five -- Personal names inverted in context -- Geographical names inverted in context -- Personal and geographical names in one text that are inverted in another -- Literary-stylistic metathesis words: Metatheses inverting the whole word/root -- Metatheses involving identical letters in the word/root, partially inverted -- Metatheses involving partial inversion of the word/root at the same point in each word: A. Torah. B. Latter prophets. C. Former prophets, Psalms, and Wisdom literature -- Metatheses between the beginning or end of one word and the end or beginning of another word -- Metatheses involving an exchange between ù; and ù" -- Conclusion -- Literary-stylistic metathesis in the Book of Ben Sira: Literary metatheses preserved in the Hebrew manuscripts -- Metatheses reconstructed by Moshe Zvi Segal in the portions missing from the Hebrew manuscripts -- Conclusion -- Literary-stylistic metathesis in rabbinic literature: Personal names -- Words and phrases -- Anagram. aP145 aP127 aP97 aP35 aP14 aP0707aHebrew languagexPhonemics.2fast0(OCoLC)fst00954272.07aMetathesis.2fast0(OCoLC)fst01018339.